00396nam a2200133 a 450000100100000000500170001000800410002704000250006808200150009310000400010824500500014826000420019830000220024000003218220200930063511.0110713s1924 dr 000 p spa d aDO-SdBNPbspacBNPHU axxxbM843d1 aMoreno Jimenes, Domingo,d1894-198613aDel anodismo al postumismo /cMoreno Jimenes. aSanto Domingo :bColina Sacra,c1924. a[12] p. ;c16 cm.